| 000 | 00551nam a2200217Ia 4500 | ||
|---|---|---|---|
| 008 | 180620s9999 xx 000 0 und d | ||
| 020 | _a978-1-84773-412-9 | ||
| 050 | _aREF N 7430.5 | ||
| 050 | _b.S54 2009 | ||
| 100 | _aShearer, Janet. | ||
| 245 | 4 | _aThe Artist's guide to perspective / | |
| 245 | 0 | _cjanet Shearer. | |
| 260 | _aLondon : | ||
| 260 | _bNew Holland Publishers, | ||
| 260 | _c2009 | ||
| 300 | _a96 pages : | ||
| 300 | _bcolored illustrations ; | ||
| 300 | _c28 cm. | ||
| 500 | _aIncludes index. | ||
| 650 | _aPerspective. | ||
| 999 |
_c358014 _d358014 |
||